000 00881nmm a2200277 a 4500
001 ocm000551407
003 TR-IsHL
005 20201028120230.0
008 130625s2009 tu tur
007 cr cn
020 _a9786055660086
035 _a551407
_b(N$T)
050 0 4 _aBF637.S8
_bK37 2009
090 0 4 _aBF637.S8
_bK37 2009
100 1 _aKarakuş, Ali
245 1 0 _aEn büyük eserin sensin: başarının psikolojisi
_h[electronic resource] /
_cAli Karakuş
250 _a8. bs.
260 _aİstanbul :
_b[Yayınlayan yok],
_c2009
300 _a272 p.
650 4 _aFelsefe, Psikoloji ve Din
650 4 _aPhilosophy, Psychology and Religion
650 0 _aBaşarı
650 0 _aSuccess
650 7 _aBUSINESS & ECONOMICS / Personal Success
_2bisacsh
856 4 0 _uhttp://search.ebscohost.com/login.aspx?direct=true&scope=site&db=e011xww&AN=551407
999 _c675
_d675